• 首页
  • 本馆介绍
  • 公告通知
  • 最新文献
  • 馆藏检索
  • 电子资源
  • 读者导购
  • 参考咨询
  • 我的图书馆
  • 登录
  • 详细信息显示
  • 放入我的书架
  • 预约/预借图书
  • 作者相关作品
  • 分类相关作品
  • 丛书相关作品
  • 出版社相关作品

书目信息

  • 表格格式
  • 工作单格式
  • 卡片格式
题名:
电磁学单位和标准
    
 
作者: 维古鲁 , Vigoureux 著 ;张振声 译
分册:  
出版信息: 北京   科学出版社  1978
页数: 88页
开本: 19cm
丛书名:
单 册:
中图分类: TB98 , O441
科图分类:
主题词: 电磁学--单位 , 电磁学 , 电动力学
电子资源:
ISBN:
000 00931nam0 2200313 45
001 0178006098
005 20060519114813.95
010    @dCNY0.26
091    @a13031.706
100    @a19950726d1978 em y0chiy0121 ea
101 1  @achi@ceng
102    @aCN@b110000
105    @ay z 000yy
106    @ar
200 10 @a电磁学单位和标准@Adian ci xue dan wei he biao zhun@f(英)维古鲁(P.Vigoureux)著@g张振声译
210    @a北京@c科学出版社@d1978
215    @a88页@d19cm
300    @a书名原文:Units and standards for electromagnetism
510 1  @aUnits and standards for electromagnetism@zeng
606    @a电磁学@x单位
606 0  @a电磁学
606 0  @a电动力学
690    @aTB98@v3
690    @aO441
701  1 @a维古鲁@Awei gu lu@bP.@4著
701 A1 @aVigoureux@bP.@4著
702  0 @a张振声@Azhang zhen sheng@4译
801  0 @aCN@bNLC@c20060519
905    @f10@b25162-171@f3@b25158-160@f1@b25174@f1@b25156@dO441@e16
    
    电磁学单位和标准/(英)维古鲁(P.Vigoureux)著/张振声译.-北京:科学出版社,1978
    88页;19cm
    书名原文:Units and standards for electromagnetism
    
    ISBN :CNY0.26
    
●
相关链接 在E读中查询图书 在五车中查询图书 在当当中查询图书 在豆瓣中查询图书


正题名:电磁学单位和标准     索取号:O441/16         预约/预借

序号 登录号 条形码 馆藏地/架位号 状态 备注
1 0025156   001882458   密集书库/ [索取号:O441/16] 在馆    
2 0025158   001882412   密集书库/ [索取号:O441/16] 在馆    
3 0025159   001882421   密集书库/ [索取号:O441/16] 在馆    
4 0025160   001882449   密集书库/ [索取号:O441/16] 在馆    
5 0025162   001882467   密集书库/ [索取号:O441/16] 在馆    
6 0025163   001882485   密集书库/ [索取号:O441/16] 在馆    
7 0025164   001882494   密集书库/ [索取号:O441/16] 在馆    
8 0025165   001882500   密集书库/ [索取号:O441/16] 在馆    
9 0025166   001882546   密集书库/ [索取号:O441/16] 在馆    
10 0025167   001882537   密集书库/ [索取号:O441/16] 在馆    
11 0025168   001882528   密集书库/ [索取号:O441/16] 在馆    
12 0025169   001882038   密集书库/ [索取号:O441/16] 在馆    
13 0025170   001882074   密集书库/ [索取号:O441/16] 在馆    
14 0025171   001882118   密集书库/ [索取号:O441/16] 在馆    
15 0025174   001882403   密集书库/ [索取号:O441/16] 在馆    
唐山师范学院图书馆 欢迎您!
大连网信软件有限公司© 版权所有